Statistics for Gulf Air Destinations-Bahrain

Click here to take the quiz!

General Stats

  • This quiz has been taken 16 times
  • The average score is 38 of 48

Answer Stats

Country Airport % Correct
UKLondon-Heathrow
100%
PhilippinesManila
100%
PakistanIslamabad
100%
RussiaMoscow-Domodedovo
100%
OmanMuscat
100%
LebanonBeirut
100%
KuwaitKuwait City
100%
JordanAmman
100%
IraqBaghdad
100%
Saudi ArabiaJeddah
100%
Saudi ArabiaRiyadh
100%
Sri LankaColombo
100%
IndiaDelhi
100%
TurkeyIstanbul
100%
UAEAbu Dhabi
100%
GreeceAthens
100%
GermanyFrankfurt
100%
UAEDubai-International
100%
EgyptCairo
100%
UAEDubai-World Central
100%
ThailandBangkok
92%
IndiaMumbai
92%
GeorgiaTbilisi
92%
Saudi ArabiaDammam
92%
FranceParis
92%
EthiopiaAddis-Ababa
92%
BangladeshDhaka
92%
EgyptAlexandria
92%
PakistanKarachi
92%
AzerbaijanBaku
83%
MoroccoCasablanca
83%
PakistanLahore
83%
IndiaBangalore
83%
IndiaHyderabad
75%
IndiaChennai
75%
SudanKhartoum
75%
CyprusLarnaca
67%
Saudi ArabiaMedina
67%
EgyptSharm-El-Sheikh
58%
IndiaCochin
50%
PakistanMultan
33%
PakistanPeshawar
33%
IndiaThiruvananthapuram
25%
IraqNajaf
25%
PakistanFaisalabad
25%
PakistanSialkot
17%
Saudi ArabiaAl Qassim
8%
IndiaKozhikode
0%

Score Distribution

Percentile by Number Answered

Percent of People with Each Score

Your Score History

You have not taken this quiz